SEC Logos - Statistics

General Stats
  • This quiz has been taken 57 times
    27 since last reset
  • The average score is 16 of 16
Answer Stats
Picture Answer % Correct
Alabama
100%
Georgia
100%
Kentucky
100%
Louisiana State
100%
Mississippi
100%
Mississippi State
100%
Texas A&M
100%
Auburn
96%
Florida
96%
Missouri
96%
Oklahoma
96%
South Carolina
96%
Tennessee
96%
Texas
96%
Vanderbilt
96%
Arkansas
93%
No matching quizzes found
Score Distribution
Percent of People with Each Score
Percentile by Number Answered
Your Score History
You have not taken this quiz since the last reset